Planting quality timber trees in Peninsular Malaysia (Record no. 43801)

MARC details
000 -LEADER
fixed length control field 00399nam a2200133Ia 4500
082 ## - DEWEY DECIMAL CLASSIFICATION NUMBER
Classification number 630*2(595)
Item number APP
100 ## - MAIN ENTRY--AUTHOR NAME
Personal name Appanah, S
245 #0 - TITLE STATEMENT
Title Planting quality timber trees in Peninsular Malaysia
260 ## - PUBLICATION, DISTRIBUTION, ETC. (IMPRINT)
Place of publication Kuala Lumpur
Name of publisher Forest Research Institute Malaysia
Year of publication 1993
490 ## - SERIES STATEMENT
Series statement Malaysian Forest Records 38
700 ## - ADDED ENTRY--PERSONAL NAME
Personal name Weinland, G
942 ## - ADDED ENTRY ELEMENTS (KOHA)
Koha item type Books
Holdings
Withdrawn status Lost status Damaged status Not for loan Home library Current library Date acquired Source of acquisition Full call number Accession Number Koha item type
        RRII Library RRII Library 16/12/2021 Gift 630*2(595) APP G00553 Books